Shot by both sides : a novel
Đã lưu trong:
| 主要作者: | |
|---|---|
| 格式: | 圖書 |
| 語言: | Undetermined |
| 出版: |
Berkeley
Counterpoint
c2008
|
| 主題: | |
| 標簽: |
添加標簽
沒有標簽, 成為第一個標記此記錄!
|
| Thư viện lưu trữ: | Trung tâm Học liệu Trường Đại học Cần Thơ |
|---|
| LEADER | 00561nam a2200205Ia 4500 | ||
|---|---|---|---|
| 001 | CTU_155768 | ||
| 008 | 210402s9999 xx 000 0 und d | ||
| 020 | |c 25.00 | ||
| 082 | |a 895.635 | ||
| 082 | |b G683 | ||
| 100 | |a Goto, Meisei | ||
| 245 | 0 | |a Shot by both sides : | |
| 245 | 2 | |b a novel | |
| 245 | 0 | |c Meisei Goto ; translated by Tom Gill | |
| 260 | |a Berkeley | ||
| 260 | |b Counterpoint | ||
| 260 | |c c2008 | ||
| 650 | |a Japanese fiction,Tiểu thuyết Nhật Bản | ||
| 904 | |i H.Mai | ||
| 980 | |a Trung tâm Học liệu Trường Đại học Cần Thơ | ||